000 00509nam a22001577a 4500
005 20251108164725.0
008 250721s1981 xx 000 0 ara d
082 1 4 _a810.9/أحم
100 1 _aالزيات، أحمد حسن
245 1 0 _aتاريخ الأدب العربي :
_bللمدارس الثانوية و العليا /
264 1 _aالقاهرة :
_bدار نهضة مصر للطباعة،
_c1981.
300 _a536 ص
650 1 7 _aالأدب العربي
942 _2ddc
_cBK
999 _c12778
_d12778